| 000 | 00657nam a2200241Ia 4500 | ||
|---|---|---|---|
| 008 | 160404s9999 xx 000 0 und d | ||
| 020 | _a971-27-1446-2 | ||
| 050 | _aFIL TX 943 | ||
| 050 | _b.F66 2009 | ||
| 245 | _aFood service and catering management : | ||
| 245 | _ba practical guide / | ||
| 245 | _cThe Maya Kitchen. | ||
| 260 | _aPasig City: | ||
| 260 | _bAnvil Pub. Inc., | ||
| 260 | _c2009 | ||
| 300 | _a203 pages : | ||
| 300 | _billustrations ; | ||
| 300 | _c25 cm. | ||
| 500 | _aIncludes bibliographical references and index. | ||
| 650 | _aCaterers and catering. | ||
| 650 | _aFood service. | ||
| 650 | _xFood service management. | ||
| 999 |
_c293139 _d293139 |
||